000 01480nam a2200325 i 4500
003 EG-GICUC
005 20260402143759.0
008 260402s1982 ua ||||fr|||| 00| 0 ara d
040 _a EG-GICUC
_bara
_c EG-GICUC
_d EG-GICUC
_erda
041 1 _aara
082 0 4 _221
_a341.44
_bص ل . ط
092 0 4 _221
099 _aLaw1 11 341.44 ص ل . ط 1982
100 0 _a صلاح الدين عامر
_eمؤلف.
245 1 2 _aالاطار القانونى لاستغلال ثروات قيعان البحار فيما يجاوز حدود الولاية الاقليمية /
_cبقلم الأستاذ الدكتور صلاح الدين عامر.
264 1 _aالقاهرة :
_bالجمعية المصرية للقانون الدولي،
_c1982.
300 _a48 صفحة،
_c24 سم.
_bإيضاحيات، صور، مثيليات ؛
336 _2rda content
_atext
337 _2rda media
_aComputer
338 _2rda carrier
_aOnline Resource
500 _a مستلة مستخرجة من المجلة المصرية للقانون الدولى المجلد 38
504 _aيشتمل على إرجاعات ببليوجرافية.
546 _aالنص باللغة العربية
590 _aإهداء مكتبة الأستاذ الدكتور صلاح عامر
650 1 4 _aالقانون الدولي العام
_2qrmak
651 1 _2qrmak
856 4 0 _uhttps://fll.law.cu.edu.eg/fulltext/bks/B11-07641.pdf
905 _a48
942 _2ddc
_cBK
_e21
_n0
999 _c68447
_d68447